<?xml version="1.0" encoding="UTF-8"?>
<collection xmlns="http://www.loc.gov/MARC21/slim">
 <record>
  <leader>07876nam a2200601 a 4500</leader>
  <controlfield tag="001">kal2288</controlfield>
  <controlfield tag="003">Gr-AtHEAL</controlfield>
  <controlfield tag="005">20160505122512.0</controlfield>
  <controlfield tag="006">m        d        </controlfield>
  <controlfield tag="008">160413s2015    gr      s           gre|c</controlfield>
  <datafield tag="020" ind1=" " ind2=" ">
   <subfield code="a">9789606031250</subfield>
  </datafield>
  <datafield tag="040" ind1=" " ind2=" ">
   <subfield code="a">GR-AtHEAL</subfield>
   <subfield code="b">gre</subfield>
   <subfield code="c">GR-AtHEAL</subfield>
  </datafield>
  <datafield tag="082" ind1="0" ind2="4">
   <subfield code="a">658.8</subfield>
   <subfield code="2">23</subfield>
  </datafield>
  <datafield tag="100" ind1="1" ind2=" ">
   <subfield code="a">Γεωργιάδης, Χρήστος.</subfield>
   <subfield code="8">633</subfield>
  </datafield>
  <datafield tag="245" ind1="1" ind2="0">
   <subfield code="a">Τεχνολογίες παγκόσμιου ιστού και ηλεκτρονικού εμπορίου</subfield>
   <subfield code="h">[Ηλεκτρονικός πόρος] </subfield>
   <subfield code="b">Σύγχρονες τάσεις και προκλήσεις</subfield>
   <subfield code="c">Γεωργιάδης, Χρήστος ; Κριτικός αναγνώστης,Γιαγλής, Γιώργος ; Τεχνική επιμέλεια,Πολατίδης, Νικόλαος.</subfield>
  </datafield>
  <datafield tag="260" ind1=" " ind2=" ">
   <subfield code="a">Αθήνα :</subfield>
   <subfield code="b">Σύνδεσμος Ελληνικών Ακαδημαϊκών Βιβλιοθηκών,</subfield>
   <subfield code="c">c2015.</subfield>
  </datafield>
  <datafield tag="490" ind1=" " ind2=" ">
   <subfield code="a">Ακαδημαϊκά Ηλεκτρονικά Συγγράμματα και Βοηθήματα Κάλλιπος</subfield>
   <subfield code="8">40</subfield>
  </datafield>
  <datafield tag="520" ind1=" " ind2=" ">
   <subfield code="a">O όρος Ηλεκτρονικό Εμπόριο (ΗΕ), καλύπτει οποιαδήποτε μορφή επιχειρηματικής ή διοικητικής συναλλαγής ή ανταλλαγής πληροφοριών, η οποία εκτελείται με τη χρησιμοποίηση οποιασδήποτε τεχνολογίας πληροφορικής και τηλεπικοινωνιών. Στις μέρες μας, οι κυρίαρχες τάσεις είναι η αξιοποίηση των σύγχρονων τεχνολογιών του παγκόσμιου Ιστού και των δυνατοτήτων που προσφέρουν οι έξυπνες κινητές συσκευές. Η επιστημονική περιοχή της &quot;Τεχνολογίας Ηλεκτρονικού Εμπορίου&quot; διερευνά τις δυνατότητες των προηγμένων τεχνολογιών των βασισμένων-στον-Ιστό (Web-based) πληροφοριακών συστημάτων και την εφαρμογή αυτών προκειμένου να υποστηρίξουν την υλοποίηση διαδικασιών, συναλλαγών και υπηρεσιών ΗΕ. Στο επίκεντρο βρίσκεται όλη η απαραίτητη τεχνολογία υποδομής του παγκόσμιου Ιστού και των προγραμματιστικών τεχνικών για ανάπτυξη εφαρμογών Ιστού - ιστοτόπων ΗΕ και ηλεκτρονικού επιχειρείν, ενώ σημαντικές είναι οι ιδιαιτερότητες στο χώρο του κινητού εμπορίου. Η δημιουργία ασφαλούς περιβάλλοντος ΗΕ αποτελεί έναν κρίσιμο παράγοντα για την ευρεία διάδοση και αποδοχή των υπηρεσιών ΗΕ, για αυτό και οι τεχνολογίες ασφάλειας στον Ιστό αποτελούν μια σημαντική πλευρά της τεχνολογίας ΗΕ. Άλλες ενδιαφέρουσες τεχνολογίες που χρησιμοποιούνται κατά το σχεδιασμό και την ανάπτυξη συστημάτων ΗΕ, είναι η προσέγγιση εννοιών τεχνολογίας λογισμικού σε web/mobile περιβάλλοντα με έμφαση στη διαλειτουργικότητα μέσω της αξιοποίησης της αρχιτεκτονικής της βασισμένης-σε-υπηρεσίες Ιστού, αλλά και στην ευχρηστία και αποδοτικότητα μέσω της προσαρμογής των προσφερόμενων εφαρμογών ΗΕ (δημιουργία εξατομικευμένου περιεχομένου) και της παροχής συστάσεων. Η &quot;Τεχνολογία Ηλεκτρονικού Εμπορίου&quot; είναι ένα πράγματι συνθετικό αντικείμενο, με ζητούμενο την εις βάθος μελέτη των εμπλεκόμενων τεχνολογιών σε περιβάλλον παγκόσμιου Ιστού, ενσύρματου ή ασύρματου, ώστε με την ολοκλήρωση-ενοποίηση αυτών να υποστηρίζονται οι αυξημένες απαιτήσεις ασφάλειας, διαλειτουργικότητας, και ευχρηστίας των λειτουργιών των ηλεκτρονικών υπηρεσιών ενός ιστοτόπου ΗΕ.</subfield>
  </datafield>
  <datafield tag="650" ind1=" " ind2="0">
   <subfield code="a">Electronic commerce</subfield>
   <subfield code="8">2781</subfield>
  </datafield>
  <datafield tag="650" ind1=" " ind2="0">
   <subfield code="a">Information technology</subfield>
   <subfield code="8">2683</subfield>
  </datafield>
  <datafield tag="653" ind1=" " ind2=" ">
   <subfield code="a">Διαλειτουργικότητα</subfield>
  </datafield>
  <datafield tag="653" ind1=" " ind2=" ">
   <subfield code="a">Συναλλαγές υπηρεσιών ιστού</subfield>
  </datafield>
  <datafield tag="653" ind1=" " ind2=" ">
   <subfield code="a">Σύνθεση υπηρεσιών ιστού</subfield>
  </datafield>
  <datafield tag="653" ind1=" " ind2=" ">
   <subfield code="a">Αρχιτεκτονική βασισμένη σε υπηρεσίες</subfield>
  </datafield>
  <datafield tag="653" ind1=" " ind2=" ">
   <subfield code="a">Ασφάλεια παγκόσμιου ιστού</subfield>
  </datafield>
  <datafield tag="653" ind1=" " ind2=" ">
   <subfield code="a">Προγραμματισμός κινητών συσκευών</subfield>
  </datafield>
  <datafield tag="653" ind1=" " ind2=" ">
   <subfield code="a">Προγραμματισμός ιστού</subfield>
  </datafield>
  <datafield tag="653" ind1=" " ind2=" ">
   <subfield code="a">Ασφάλεια σε κινητά περιβάλλοντα</subfield>
  </datafield>
  <datafield tag="653" ind1=" " ind2=" ">
   <subfield code="a">Συστήματα συστάσεων</subfield>
  </datafield>
  <datafield tag="653" ind1=" " ind2=" ">
   <subfield code="a">Εξατομίκευση</subfield>
  </datafield>
  <datafield tag="653" ind1=" " ind2=" ">
   <subfield code="a">Υπηρεσίες ιστού</subfield>
  </datafield>
  <datafield tag="653" ind1=" " ind2=" ">
   <subfield code="a">Τεχνολογία ηλεκτρονικού εμπορίου</subfield>
  </datafield>
  <datafield tag="653" ind1=" " ind2=" ">
   <subfield code="a">Ανάλυση δεδομένων ιστού</subfield>
  </datafield>
  <datafield tag="653" ind1=" " ind2=" ">
   <subfield code="a">Παγκόσμιος ιστός</subfield>
  </datafield>
  <datafield tag="653" ind1=" " ind2=" ">
   <subfield code="a">Κινητό επιχειρείν</subfield>
  </datafield>
  <datafield tag="653" ind1=" " ind2=" ">
   <subfield code="a">Τεχνικές προγραμματισμού</subfield>
  </datafield>
  <datafield tag="653" ind1=" " ind2=" ">
   <subfield code="a">Διαδικτυακές εφαρμογές</subfield>
  </datafield>
  <datafield tag="653" ind1=" " ind2=" ">
   <subfield code="a">Ηλεκτρονικό επιχειρίν</subfield>
  </datafield>
  <datafield tag="653" ind1=" " ind2=" ">
   <subfield code="a">Τεχνολογία και επιστήμες μηχανικών</subfield>
   <subfield code="a">Μηχανική και τεχνολογία τηλεπικοινωνιών</subfield>
   <subfield code="a">Τεχνολογίες παγκόσμιου ιστού</subfield>
  </datafield>
  <datafield tag="653" ind1=" " ind2=" ">
   <subfield code="a">Επιστήμη υπολογιστών/Πληροφορική</subfield>
   <subfield code="a">Δίκτυα και επικοινωνίες</subfield>
   <subfield code="a">Κοινωνική δικτύωση</subfield>
  </datafield>
  <datafield tag="653" ind1=" " ind2=" ">
   <subfield code="a">Επιστήμη υπολογιστών/Πληροφορική</subfield>
   <subfield code="a">Δίκτυα και επικοινωνίες</subfield>
   <subfield code="a">Κινητικότητα</subfield>
  </datafield>
  <datafield tag="653" ind1=" " ind2=" ">
   <subfield code="a">Επιστήμη υπολογιστών/Πληροφορική</subfield>
   <subfield code="a">Αλληλεπίδραση ανθρώπου-υπολογιστή</subfield>
   <subfield code="a">Διαδραστικά συστήματα προγραμματισμού</subfield>
  </datafield>
  <datafield tag="653" ind1=" " ind2=" ">
   <subfield code="a">Επιστήμη υπολογιστών/Πληροφορική</subfield>
   <subfield code="a">Αρχές ανάπτυξης λογισμικού</subfield>
  </datafield>
  <datafield tag="653" ind1=" " ind2=" ">
   <subfield code="a">Επιστήμη υπολογιστών/Πληροφορική</subfield>
   <subfield code="a">Γλώσσες προγραμματισμού</subfield>
  </datafield>
  <datafield tag="653" ind1=" " ind2=" ">
   <subfield code="a">Επιστήμη υπολογιστών/Πληροφορική</subfield>
   <subfield code="a">Ανάπτυξη βασισμένη σε πλατφόρμες</subfield>
  </datafield>
  <datafield tag="653" ind1=" " ind2=" ">
   <subfield code="a">Επιστήμη υπολογιστών/Πληροφορική</subfield>
   <subfield code="a">Διαχείριση πληροφορίας</subfield>
  </datafield>
  <datafield tag="653" ind1=" " ind2=" ">
   <subfield code="a">Επιστήμη υπολογιστών/Πληροφορική</subfield>
   <subfield code="a">Διασφάλιση της ασφάλειας των πληροφοριών</subfield>
  </datafield>
  <datafield tag="700" ind1="1" ind2=" ">
   <subfield code="a">Γιαγλής, Γεώργιος Μ.,</subfield>
   <subfield code="e">Κριτικός αναγνώστης</subfield>
   <subfield code="8">634</subfield>
  </datafield>
  <datafield tag="856" ind1="4" ind2="0">
   <subfield code="u">http://hdl.handle.net/11419/2288</subfield>
   <subfield code="z">Πλήρες Κείμενο - Full text</subfield>
  </datafield>
  <datafield tag="907" ind1=" " ind2=" ">
   <subfield code="a">.b25679107</subfield>
   <subfield code="b">12-06-18</subfield>
   <subfield code="c">29-07-16</subfield>
  </datafield>
  <datafield tag="949" ind1=" " ind2=" ">
   <subfield code="0">0</subfield>
   <subfield code="1">0</subfield>
   <subfield code="2">ddc</subfield>
   <subfield code="4">0</subfield>
   <subfield code="6">658_800000000000000_ΓΕΩ</subfield>
   <subfield code="7">0</subfield>
   <subfield code="8">KALL</subfield>
   <subfield code="8">669</subfield>
   <subfield code="d">2016-04-13</subfield>
   <subfield code="r">2016-04-13</subfield>
   <subfield code="w">2016-04-13</subfield>
   <subfield code="z">658.8 ΓΕΩ</subfield>
   <subfield code="o">SEAB KALLIPOS</subfield>
  </datafield>
  <datafield tag="998" ind1=" " ind2=" ">
   <subfield code="a">80</subfield>
   <subfield code="a">01</subfield>
   <subfield code="a">02</subfield>
   <subfield code="a">03</subfield>
   <subfield code="a">04</subfield>
   <subfield code="a">05</subfield>
   <subfield code="a">06</subfield>
   <subfield code="a">07</subfield>
   <subfield code="a">08</subfield>
   <subfield code="a">09</subfield>
   <subfield code="a">10</subfield>
   <subfield code="a">11</subfield>
   <subfield code="a">12</subfield>
   <subfield code="a">13</subfield>
   <subfield code="a">14</subfield>
   <subfield code="a">15</subfield>
   <subfield code="a">16</subfield>
   <subfield code="a">17</subfield>
   <subfield code="a">18</subfield>
   <subfield code="a">19</subfield>
   <subfield code="a">20</subfield>
   <subfield code="a">21</subfield>
   <subfield code="a">22</subfield>
   <subfield code="a">23</subfield>
   <subfield code="a">24</subfield>
   <subfield code="a">25</subfield>
   <subfield code="a">26</subfield>
   <subfield code="b">10-05-17</subfield>
   <subfield code="c">m</subfield>
   <subfield code="d">z  </subfield>
   <subfield code="e">-</subfield>
   <subfield code="f">gre</subfield>
   <subfield code="g">gr </subfield>
   <subfield code="h">0</subfield>
  </datafield>
  <datafield tag="942" ind1=" " ind2=" ">
   <subfield code="2">ddc</subfield>
   <subfield code="c">KALLIPOS</subfield>
  </datafield>
 </record>
</collection>
